000 nam a22 a 4500
999 _c554
_d554
005 20170504111928.0
008 170504s1978 - | 001 | eng d
020 _a0882954504
040 _aAKMAL
082 0 4 _a155.2 JAB
090 _a155.2
_bJAB
100 1 _aJabes, Jak.
_91236
245 1 0 _aIndividual processes in organizational behavior
_cJak Jabes.
260 _a Arlington Heights, Ill. :
_bAHM Publishing Corporation
_c1978
300 _a xx,253p.
_c23cm
490 0 _aOrganizational behaviour series
504 _a Bibliography.
650 0 _aOrganizational behavior.
_9565
650 0 _aSocial psychology
_91237
852 4 _a British Library
_b DSC
852 4 1 _aBritish Library
_bHMNTS
942 _2ddc
_cBOOK